Beach, Slang, University or Deadly Animal - An Australia Click Quiz - Statistics

General Stats
  • This quiz has been taken 56 times
  • The average score is 19 of 31
Answer Stats
Hint Answer % Correct
Crikey Slang
98%
Common Death Adder Deadly Animal
95%
Bondi Beach
89%
Arvo Slang
86%
Fair Dinkum Slang
84%
Mozzie Slang
82%
Honey Bee Deadly Animal
80%
Coastal Taipan Deadly Animal
77%
Inland Taipan Deadly Animal
77%
Rellie Slang
75%
Drongo Slang
75%
Bluebottle Deadly Animal
73%
Manly Beach
68%
Deakin University
66%
Billabong Slang
61%
Macquarie University
61%
Monash University
61%
Avondale University
59%
Latrobe University
57%
Flinders University
57%
Mindil Beach
55%
Coogee Beach
52%
Hyams Beach
50%
Curtin University
45%
Larrikin Slang
43%
Wollongong University
41%
Cottesloe Beach
36%
Irukandji Deadly Animal
34%
Dugite Deadly Animal
23%
Mulga Deadly Animal
9%
Cossies Beach
7%
No matching quizzes found
Score Distribution
Percent of People with Each Score
Percentile by Number Answered
Your Score History
You have not taken this quiz